000
00215nam a2200085Ia 4500
008
120527s9999 xx 000 0 und d
100
_a
NAGEL,L.Ronald.
245
_a
Genettically abnormal red cells growth.
942
_c
BK
999
_c
24009
_d
24009